Average lot sizes bigger than ever (Record no. 116987)

MARC details
000 -LEADER
fixed length control field 00864cam a2200193 4500
001 - CONTROL NUMBER
control field WB4005-01
008 - FIXED-LENGTH DATA ELEMENTS--GENERAL INFORMATION
fixed length control field 040203n2004 000 0 eng u
035 ## - SYSTEM CONTROL NUMBER
System control number (Sirsi) u125003
245 ## - TITLE STATEMENT
Title Average lot sizes bigger than ever
260 ## - PUBLICATION, DISTRIBUTION, ETC.
-- 2004
490 ## - SERIES STATEMENT
Series statement Property Week
Volume/sequential designation 69(5) 30 January 2004, 25(1)
520 ## - SUMMARY, ETC.
Summary, etc. According to the Auction Results Analysis Services (ARAS) the size of lots sold at auction is at an all-time high. The average lot size for the whole of 2003 was £486 000, with the average size on forth quarter 2003 being £517 000. Both retail and offices lots sizes had also increased. In the last quarter for 2003, £467m worth of properties were sold, with £233m of that coming from properties valued at over £1m.
590 ## - LOCAL NOTE (RLIN)
Local note WB
590 ## - LOCAL NOTE (RLIN)
Local note WB
650 ## - SUBJECT ADDED ENTRY--TOPICAL TERM
Topical term or geographic name entry element LAND SALES
650 ## - SUBJECT ADDED ENTRY--TOPICAL TERM
Topical term or geographic name entry element LOTS
690 ## - LOCAL SUBJECT ADDED ENTRY--TOPICAL TERM (OCLC, RLIN)
Topical term or geographic name as entry element AUCTIONS
942 ## - ADDED ENTRY ELEMENTS (KOHA)
Suppress in OPAC 0
Holdings
Withdrawn status Lost status Source of classification or shelving scheme Damaged status Not for loan Home library Current library Shelving location Date acquired Total Checkouts Full call number Barcode Date last seen Copy number Price effective from Koha item type
    Dewey Decimal Classification     London London News article 03/02/2004   WB4005-01 125003-1001 06/08/2019 1 06/08/2019 News article